Curs bàsic de prevenció i extinció d'incendis forestals per a voluntaris
Descripción Física:
111 p. ; 29 cm
Materias:
Incendis -- Prevenció
MARC
| LEADER | 00000nam a2200000Ia 4500 | ||
|---|---|---|---|
| 001 | 23641 | ||
| 008 | 160829s1998 xx 000 0 cat d | ||
| 080 | |a Bib-18 | ||
| 245 | |a Curs bàsic de prevenció i extinció d'incendis forestals per a voluntaris | ||
| 260 | |a Barcelona : |b Diputació de Barcelona. Àrea de Terrnitori i Sostenibilitat, |c 1998 | ||
| 300 | |a 111 p. ; |c 29 cm | ||
| 650 | 0 | |a Incendis |x Prevenció |9 49592 | |
| 710 | 1 | |a Barcelona (Catalunya : Província). |b Àrea de Territori i Sostenibilitat |9 52770 | |
| 901 | |a Arxiu | ||
| 942 | |n 1 | ||
| 952 | |0 0 |1 0 |4 0 |6 BIB18 |7 1 |9 55462 |a Arxiu |b Arxiu |d 2016-12-01 |l 0 |o Bib-18 |p 23641 |r 2016-12-01 00:00:00 |w 2016-12-01 |y ARXIU | ||
| 999 | |c 59335 |d 59335 | ||